Best Players to Ever Wear a Jazz Jersey - Statistics

General Stats
  • This quiz has been taken 6 times
  • The average score is 9 of 20
Answer Stats
Hint Answer % Correct
8. Donovan Mitchell
100%
20. Jeff Malone
100%
2. John Stockton
100%
1. Karl Malone
100%
3. Rudy Gobert
100%
13. Mike Conley
67%
5. Adrian Dantley
50%
17. Andrei Kirilenko
50%
19. Carlos Boozer
50%
4. Kevin Love
50%
9. Pete Maravich
50%
18. Deron Williams
33%
7. Joe Johnson
33%
16. Jaren Jackson Jr.
17%
6. Bernard King
0%
14. Gail Goodrich
0%
15. Paul Millsap
0%
12. Spencer Haywood
0%
11. Tom Chambers
0%
10. Walt Bellamy
0%
No matching quizzes found
Score Distribution
Percent of People with Each Score
Percentile by Number Answered
Your Score History
You have not taken this quiz